[Event "Moscow op-F 13th"]
[Site "Moscow"]
[Date "2017.01.31"]
[Round "5"]
[White "Dzhaumutbaev, Erzhan"]
[Black "Zubtsov, Alex"]
[Result "1/2-1/2"]
[WhiteElo "2148"]
[BlackElo "1960"]
[PlyCount "52"]
[EventDate "2017.01.27"]
[EventType "swiss"]
[EventRounds "9"]
[EventCountry "RUS"]
[SourceTitle "CBM 176 Extra"]
[Source "ChessBase"]
[SourceDate "2017.03.02"]
[SourceVersion "1"]
[SourceVersionDate "2017.03.02"]
[SourceQuality "1"]

1. e4 e5 2. Nc3 Nf6 3. g3 Nc6 4. Bg2 Bc5 5. Nge2 d6 6. 0-0 a6 7. h3 Be6 8. Nd5 Qd7 9. Kh2 h5 10. c3 h4 11. Nxf6+ gxf6 12. g4 d5 13. b4 Bb6 14. d3 0-0-0 15. Qa4 dxe4 16. dxe4 Qd3 17. Ng1 Qxc3 18. Be3 Bxe3 19. fxe3 Qxb4 20. Qxb4 Nxb4 21. Rxf6 Nc2 22. Rc1 Rd2 23. Nf3 Re2 24. Ng1 Rd2 25. Nf3 Re2 26. Ng1 Rd2 1/2-1/2